00692nam a2200193Ia 4500952014800000999001700148003000400165005001700169008004100186020001700227040000900244082002200253100002700275245005200302260005000354300000900404650003400413942005100447 00102ddc40708GENERAL COLLECTIONSaMESbMEScGENd2019-02-20g495.00l0o954.040922 MAL/Dp27124r2019-02-20 00:00:00w2019-02-20yREFzU5R3 c36656d36656OSt20201215104020.0190216s9999||||xx |||||||||||||| ||und|| a978817234485 coclc a954.040922bMAL/D aMalhotra, Inder 97498 0aDynasties Of India And Beyond /cInder Malhotra bHarper Collins Publishers,c1987.aNew Delhi: a363p aDynasties Of India And Beyond cREF2ddch954.040922iMAL/Dk954.040922mMAL/D